Chiquitita - ABBA (all lyrics) - Statistics

General Stats
  • This quiz has been taken 99 times
  • The average score is 219 of 304
Answer Stats
Answer % Correct
Chiquitita,
100%
Chiquitita
100%
you
100%
You
100%
I
98%
a
96%
me
96%
tell
96%
what's
95%
wrong
95%
and
93%
And
93%
on
91%
so
91%
So
91%
the
89%
your
89%
Your
89%
can
88%
it
88%
to
88%
no
86%
be
84%
In
84%
in
84%
see
84%
truth
84%
cry
82%
is
82%
there
80%
There
80%
know
79%
like
79%
for
77%
way
77%
You're
77%
you're
77%
this
75%
we
75%
deny
73%
hate
71%
I'm
71%
tomorrow
71%
eyes
70%
sorrow
70%
that
70%
one
68%
by
66%
hope
66%
friend,
64%
How
64%
once
64%
own
64%
shoulder
64%
always
63%
best
63%
rely
63%
sad,
63%
again
61%
more
61%
of
61%
oh
61%
sing
61%
Sing
61%
song,
61%
were
61%
must
59%
new
59%
time
59%
will
59%
above
57%
did
57%
go
57%
have
57%
hear
57%
before
55%
But
55%
Now
55%
sure
55%
shinin'
54%
yourself
54%
dancin'
52%
sun
52%
they
52%
You'll
52%
broken
50%
quiet
50%
together
50%
All
48%
sky
48%
leavin'
45%
Let
45%
pain
45%
up
45%
end
43%
you've
43%
come
41%
down
39%
dancing
38%
feather
38%
still
38%
Try
38%
patch
36%
they're
36%
heartaches
34%
enchained
32%
grievin'
32%
scars
32%
seems
25%
too
25%
came
23%
out
23%
tumblin'
23%
hard
20%
walls
20%
gone
18%
love's
13%
handle
9%
blown
7%
candle
5%
No matching quizzes found
Score Distribution
Percent of People with Each Score
Percentile by Number Answered
Your Score History
You have not taken this quiz